[Event "AUTO-OPEN-1413"]
[Site "http://www.queenalice.com/game.php?id=527243"]
[Date "2009.1.22"]
[Round "1"]
[White "lorenzi"]
[Black "neijrodrigues"]
[Result "0-1"]
[WhiteElo "1135"]
[BlackElo "2076"]

1. d4 d5 2. f3 g6 3. e4 Bg7 4. Nc3 c6 5. exd5 cxd5 6. Bb5+ Nc6 7. Be3 Nf6 8.
Nge2 O-O 9. O-O Qb6 10. Qd2 Bf5 11. Bg5 Rfd8 12. a3 h6 13. Be3 g5 14. g4 Be6 15.
Qd3 Rac8 16. Kh1 Na5 17. Na4 Qc7 18. f4 Qxc2 19. Qxc2 Rxc2 20. Rae1 Nxg4 21. Rf3
Nc4 22. Bxc4 dxc4 23. fxg5 Bd5 24. Kg2 Nxe3+ 25. Kg3 Bxf3 26. Kxf3 Nf5 27. Ke4
Nd6+ 28. Kd5 b5 29. gxh6 Nf5+ 30. Ke4 Nxh6 31. Nec3 bxa4 0-1

[Event "AUTO-OPEN-1413"]
[Site "http://www.queenalice.com/game.php?id=527244"]
[Date "2009.1.22"]
[Round "1"]
[White "neijrodrigues"]
[Black "lorenzi"]
[Result "1-0"]
[WhiteElo "2122"]
[BlackElo "1287"]

1. c4 e5 2. Nc3 Nf6 3. g3 b5 4. cxb5 Bb7 5. f3 a6 6. Bg2 Nh5 7. bxa6 Rxa6 8. Nh3
Qf6 9. d3 h6 10. Be3 Bb4 11. O-O O-O 12. Qb3 Nc6 13. a3 Bxc3 14. Qxc3 Nd4 15.
Bxd4 exd4 16. Qxc7 Qc6 17. Rac1 Qxc7 18. Rxc7 Bc6 19. f4 Nf6 20. Rc1 Nd5 21.
Bxd5 Bxd5 22. R7c5 Be6 23. Nf2 d6 24. Rc6 Rxc6 25. Rxc6 d5 26. g4 Rc8 27. Rxc8+
Bxc8 28. Kg2 g5 29. Kf3 Kg7 30. e4 dxe4+ 31. Kxe4 Kf6 32. Kxd4 gxf4 33. h4 f3
34. a4 Kg6 35. Ke4 Bb7+ 36. Kf4 h5 37. g5 f6 38. gxf6 Kxf6 39. b4 Bd5 40. b5 Ke7
41. Ke5 Bb3 42. a5 Kd7 43. Kd4 Kd6 44. Ke3 Kc5 45. b6 Kb5 46. b7 Ka6 47. b8=Q
Kxa5 48. Qxb3 Ka6 49. Kd4 Ka7 50. Kc5 Ka8 51. Kc6 Ka7 52. Qb7# 1-0

[Event "AUTO-OPEN-1413"]
[Site "http://www.queenalice.com/game.php?id=527245"]
[Date "2009.1.22"]
[Round "1"]
[White "lorenzi"]
[Black "XaraX"]
[Result "0-1"]
[WhiteElo "1062"]
[BlackElo "1927"]

1. e4 e5 2. Nf3 Nc6 3. Bc4 h6 4. O-O Nf6 5. Nc3 Bb4 6. a3 Bxc3 7. dxc3 O-O 8.
Re1 d6 9. b4 a6 10. h3 b5 11. Bd5 Bb7 12. Nh4 Nxd5 13. Qh5 Nf6 14. Qd1 Na7 15.
f3 Nxe4 16. Rxe4 Bxe4 17. fxe4 Qxh4 18. Be3 Qxe4 19. Bxa7 Rxa7 20. Qd2 Raa8 21.
Re1 Qg6 22. Qd5 Rfe8 23. Qb7 Rec8 24. Re3 Qxc2 25. Rf3 Qc1+ 26. Kh2 Qxa3 27. Qc6
a5 28. Qxb5 axb4 29. cxb4 Rab8 30. Rxa3 Rxb5 31. Rb3 Rcb8 32. g3 Rxb4 33. Rxb4
Rxb4 34. h4 c5 35. h5 c4 0-1

[Event "AUTO-OPEN-1413"]
[Site "http://www.queenalice.com/game.php?id=527246"]
[Date "2009.1.22"]
[Round "1"]
[White "XaraX"]
[Black "lorenzi"]
[Result "0-1"]
[WhiteElo "1924"]
[BlackElo "1062"]

1. d4 d5 2. c4 dxc4 3. Nc3 Nc6 4. Nf3 Bd7 5. e4 Bg4 6. d5 Bxf3 7. Qxf3 Nd4 8.
Qd1 e5 9. dxe6 Nxe6 10. Qxd8+ Rxd8 11. Bxc4 h6 12. Bxe6 fxe6 13. O-O Nf6 14. Re1
e5 15. Nb5 Rd7 16. Bd2 a6 17. Nxc7+ Rxc7 18. Rac1 Rxc1 19. Rxc1 Nxe4 20. Bb4 Kd8
21. Bxf8 Rxf8 22. Re1 Nxf2 23. Rxe5 Kc8 24. Re7 Nd3 25. b3 Rf2 26. Rxg7 Rxa2 27.
Rh7 Ra1# 0-1

[Event "Let's Play Chess!"]
[Site "http://www.queenalice.com/game.php?id=536186"]
[Date "2009.2.6"]
[Round "-"]
[White "lorenzi"]
[Black "charles31"]
[Result "1-0"]
[WhiteElo "1229"]
[BlackElo "1719"]

1. e4 e5 2. Nf3 d6 3. Bc4 h6 4. O-O Nf6 5. Nc3 a6 6. b4 Be7 7. d3 Bg4 8. h3 Bd7
9. d4 exd4 10. Nxd4 Nc6 11. Be3 O-O 12. a3 Qc8 13. Qf3 b5 14. Bb3 Be6 15. Nxc6
Bxb3 16. Nxe7+ Kh8 17. Nxc8 Raxc8 18. Rac1 Bc4 19. Rfd1 Rfe8 20. Bxh6 Nh5 21.
Qxh5 gxh6 22. Qxh6+ Kg8 23. Nd5 Bxd5 24. exd5 Re7 25. Rd4 f6 26. Qxf6 Rf7 27.
Rg4+ Kf8 28. Qh6+ Ke7 29. Qe6+ Kf8 30. Qxc8+ 1-0

[Event "Challenge"]
[Site "http://www.queenalice.com/game.php?id=536741"]
[Date "2009.2.7"]
[Round "-"]
[White "lorenzi"]
[Black "nadigo"]
[Result "1-0"]
[WhiteElo "1267"]
[BlackElo "1186"]

1. e4 e5 2. Nf3 Bc5 3. Bc4 c6 4. Nxe5 Qf6 5. d4 Bb4+ 6. c3 Ba5 7. Nxf7 g6 8. e5
Qg7 9. Nxh8 Qxh8 10. Qf3 d5 11. Bd3 b6 12. b4 Nd7 13. bxa5 bxa5 14. O-O Kd8 15.
Bg5+ Ne7 16. e6 Nb6 17. Bxe7+ Kxe7 18. Qf7+ Kd8 19. e7+ Kc7 20. e8=Q+ Bd7 21.
Qxh8 Rxh8 22. Re1 Nc8 23. Nd2 Nd6 24. Qg7 Rd8 25. Rab1 Nb5 26. Rb3 Nxc3 27. Rxc3
Rb8 28. Re7 Rd8 29. Nf3 a4 30. Ne5 Kb6 31. Nxd7+ Ka5 32. Qxh7 Kb4 33. Rc1 Ka3
34. Qxg6 Kxa2 35. Qxc6 a3 36. Qc2# 1-0

[Event "AUTO-BEG-290"]
[Site "http://www.queenalice.com/game.php?id=537752"]
[Date "2009.2.9"]
[Round "1"]
[White "UCSDRunner"]
[Black "lorenzi"]
[Result "0-1"]
[WhiteElo "1408"]
[BlackElo "1229"]

1. e4 e5 2. Nf3 Nc6 3. Bb5 a6 4. Bxc6 bxc6 5. Nc3 f6 6. d3 Bb4 7. Bd2 Ne7 8. Ne2
Bxd2+ 9. Qxd2 d5 10. exd5 cxd5 11. d4 e4 12. Nh4 O-O 13. g3 Rb8 14. b3 Qd6 15.
O-O Bg4 16. c4 dxc4 17. bxc4 Bxe2 18. Qxe2 Qxd4 19. Rfd1 Rb2 20. Qg4 Qxf2+ 21.
Kh1 Qxh2# 0-1

[Event "AUTO-BEG-290"]
[Site "http://www.queenalice.com/game.php?id=537753"]
[Date "2009.2.9"]
[Round "1"]
[White "lorenzi"]
[Black "UCSDRunner"]
[Result "0-1"]
[WhiteElo "1290"]
[BlackElo "1360"]

1. e4 e5 2. Nf3 Nc6 3. Bc4 Nf6 4. Ng5 d5 5. exd5 Nxd5 6. d3 f5 7. Nc3 f4 8. Nxd5
Qxg5 9. Nxc7+ Kd8 10. Nxa8 Qxg2 11. Rf1 Bg4 12. f3 Nd4 13. Bd5 Nxc2+ 14. Qxc2
Qxc2 15. Rf2 Qxd3 16. fxg4 Qxd5 17. Nc7 Kxc7 18. Rc2+ Kb8 19. Bd2 Qh1+ 20. Ke2
Qxa1 21. a3 Qa2 22. Bb4 Bxb4 23. axb4 Qd5 24. Rc5 Qe4+ 25. Kd1 Rd8+ 26. Kc1 Qxb4
27. Rc2 Qe1# 0-1

[Event "AUTO-BEG-290"]
[Site "http://www.queenalice.com/game.php?id=537768"]
[Date "2009.2.9"]
[Round "1"]
[White "lorenzi"]
[Black "aldav"]
[Result "1-0"]
[WhiteElo "1287"]
[BlackElo "931"]

1. d4 d5 2. c3 Nf6 3. Bg5 e6 4. Nd2 c5 5. Bxf6 Qxf6 6. e4 cxd4 7. exd5 Qe5+ 8.
Ne2 dxc3 9. bxc3 exd5 10. g3 Bc5 11. Bg2 Be6 12. O-O Nc6 13. Re1 O-O 14. Nb3 b6
15. Nxc5 bxc5 16. c4 Rfd8 17. Qa4 Rac8 18. Nf4 Qd4 19. Nxe6 fxe6 20. Rad1 Qg4
21. h3 Qxc4 22. Qxc4 dxc4 23. Rxd8+ Rxd8 24. Bxc6 Rd6 25. Bb5 c3 26. Bc4 Kf7 27.
Kg2 Kf6 28. Re3 c2 29. Rc3 Rd2 30. Bb3 1-0

[Event "AUTO-BEG-290"]
[Site "http://www.queenalice.com/game.php?id=537769"]
[Date "2009.2.9"]
[Round "1"]
[White "aldav"]
[Black "lorenzi"]
[Result "0-1"]
[WhiteElo "944"]
[BlackElo "1282"]

1. d4 d5 2. Nf3 Bf5 3. g3 Nc6 4. Bf4 e6 5. Ne5 Nb4 6. Nd3 Nxd3+ 7. exd3 Bb4+ 8.
c3 Bd6 9. Bxd6 Qxd6 10. Bg2 O-O-O 11. O-O Qa6 12. Re1 Qxd3 13. Bf1 Qxd1 14. Rxd1
Bxb1 15. Raxb1 a6 16. b4 b5 17. a4 bxa4 18. Bxa6+ Kb8 19. Ra1 c6 20. Rxa4 Rd7
21. Rda1 Ra7 22. Be2 Rxa4 23. Rxa4 Nf6 24. b5 Ne4 25. Ra3 cxb5 26. Bxb5 Kb7 27.
Rb3 Kc7 28. f4 Rb8 29. c4 Nd2 30. Rc3 Kb6 31. Rc2 Nf3+ 32. Kg2 Ne1+ 0-1

[Event "AUTO-INT-1208"]
[Site "http://www.queenalice.com/game.php?id=542097"]
[Date "2009.2.17"]
[Round "1"]
[White "reidaniel"]
[Black "lorenzi"]
[Result "1-0"]
[WhiteElo "1471"]
[BlackElo "1285"]

1. e4 e5 2. Nf3 Nc6 3. Bb5 Nf6 4. Bxc6 bxc6 5. O-O Nxe4 6. Re1 d5 7. d3 Nf6 8.
Rxe5+ Be6 9. Nc3 Bd6 10. Re1 O-O 11. Nd4 Bxh2+ 12. Kxh2 Ng4+ 13. Kg1 Qh4 14. Qf3
Qh2+ 15. Kf1 Bd7 16. Be3 Rab8 17. b3 Ne5 18. Qf4 Qh1+ 19. Ke2 Bg4+ 20. Kd2 1-0

[Event "AUTO-INT-1208"]
[Site "http://www.queenalice.com/game.php?id=542098"]
[Date "2009.2.17"]
[Round "1"]
[White "lorenzi"]
[Black "reidaniel"]
[Result "0-1"]
[WhiteElo "1260"]
[BlackElo "1512"]

1. e4 c5 2. Nf3 d6 3. Bc4 Nf6 4. Ng5 e6 5. O-O Be7 6. Nc3 O-O 7. d4 cxd4 8. Qxd4
Nc6 9. Qe3 Ng4 10. Qh3 Bxg5 11. Qxg4 Bxc1 12. Raxc1 Ne5 13. Qe2 Nxc4 14. Qxc4 b6
15. Rfd1 Bb7 16. g3 Rc8 17. Qb3 Qc7 18. Qb4 Qc5 19. Qxc5 dxc5 20. Rd6 Rcd8 21.
Rcd1 Ra8 22. Rd7 Ba6 23. a3 f6 0-1

[Event "AUTO-INT-1208"]
[Site "http://www.queenalice.com/game.php?id=542113"]
[Date "2009.2.17"]
[Round "1"]
[White "Renatogr90"]
[Black "lorenzi"]
[Result "1-0"]
[WhiteElo "1608"]
[BlackElo "1288"]

1. e4 e5 2. Nf3 Nc6 3. Bc4 h6 4. d3 Nf6 5. Nc3 Bc5 6. Be3 Qe7 7. O-O Bxe3 8.
fxe3 Ng4 9. Qe2 Nb4 10. Nd5 Nxd5 11. exd5 d6 12. Bb5+ Bd7 13. Bxd7+ Qxd7 14. h3
Nf6 15. e4 O-O 16. c4 1-0

[Event "AUTO-INT-1208"]
[Site "http://www.queenalice.com/game.php?id=542114"]
[Date "2009.2.17"]
[Round "1"]
[White "lorenzi"]
[Black "Renatogr90"]
[Result "0-1"]
[WhiteElo "1293"]
[BlackElo "1604"]

1. e4 e5 2. Nf3 Nc6 3. Bc4 h6 4. O-O Nf6 5. Nc3 Bb4 6. a3 Bxc3 7. bxc3 d6 8. Re1
Bg4 9. h3 Bxf3 10. Qxf3 O-O 11. d4 exd4 12. Qg3 Nh7 13. Bxh6 g6 14. Bxf8 Qxf8
15. Qf4 Ne5 0-1

[Event "AUTO-INT-1208"]
[Site "http://www.queenalice.com/game.php?id=542123"]
[Date "2009.2.17"]
[Round "1"]
[White "andre2006"]
[Black "lorenzi"]
[Result "1-0"]
[WhiteElo "1375"]
[BlackElo "1314"]

1. d4 d5 2. e3 Nf6 3. c4 dxc4 4. Bxc4 e6 5. Nc3 Bb4 6. Bd2 Bxc3 7. Bxc3 O-O 8.
Nf3 Nc6 9. O-O b6 10. Qc2 Na5 11. Bxa5 bxa5 12. Bd3 Qd5 13. Qxc7 Bd7 14. Bc4
Rac8 15. Qxc8 Rxc8 16. Bxd5 Nxd5 17. Ne5 Bb5 18. Rfc1 Rxc1+ 19. Rxc1 f6 20. Rc8+
Be8 21. Rxe8# 1-0

[Event "AUTO-INT-1208"]
[Site "http://www.queenalice.com/game.php?id=542124"]
[Date "2009.2.17"]
[Round "1"]
[White "lorenzi"]
[Black "andre2006"]
[Result "0-1"]
[WhiteElo "1276"]
[BlackElo "1630"]

1. e4 c5 2. Nf3 d6 3. Bc4 e6 4. d4 cxd4 5. Nxd4 e5 6. Nf3 f5 7. Ng5 Nf6 8. Nf7
Qc7 9. Nxh8 Qxc4 10. Qd3 Qg8 11. exf5 Qxh8 12. Qc4 Bxf5 13. Qc7 Nc6 14. Qxb7 Rc8
15. Qb3 Nd4 16. Qa4+ Nc6 17. Be3 a5 18. O-O h5 19. Nc3 Qh7 20. Qb5 Bxc2 21. Nd5
Nxd5 22. Qxd5 Bf5 23. Rac1 Bd7 24. Rfe1 Be7 25. Bd2 Qf5 26. h3 Be6 27. Qb5 g5
28. Rxc6 Rxc6 29. Qxc6+ Kf7 0-1